| 000 | 00596nam a22002177i 4500 | ||
|---|---|---|---|
| 003 | URS | ||
| 005 | 20230817132759.0 | ||
| 020 | _a073531984 | ||
| 040 | _c0 | ||
| 050 |
_aBF121 _b.L214 2009 |
||
| 100 |
_aLahey, Benjamin B. _eauthor. |
||
| 245 |
_aPsychology : _ban introduction / _cBenjamin B. Lahey. |
||
| 250 | _a10th ed. | ||
| 264 | 1 |
_aBoston : _bMcGraw-Hill, _c©2009. |
|
| 300 |
_axii 607 pages : _bcolor illustrations ; _c28 cm. |
||
| 336 |
_atext _btxt _2rdacontent |
||
| 337 |
_aunmediated _bn _2rdamedia |
||
| 338 |
_avolume _bnc _2rdacarrier |
||
| 650 | _aPsychology | ||
| 942 |
_cFR _2lcc |
||
| 999 |
_c72391 _d72390 |
||